| 000 | 00446cam a2200169ua 4500 | ||
|---|---|---|---|
| 020 |
_a81-224-0493-6 _c300 |
||
| 041 |
_aeng _h |
||
| 082 |
_a520.12 _bDUT/DI |
||
| 100 | _aDutt, Ranabir . | ||
| 245 |
_aDirae and Feynman :Pioneers in quantum Mechanics / _cRanabir Dutt. _hTextual Documents |
||
| 260 |
_aNew Delhi : _bWiley Eastern Ltd , _c1993. |
||
| 300 | _a214 ; . | ||
| 365 | _a300 | ||
| 504 | _a | ||
| 942 | _cBK | ||
| 999 |
_c2751 _d2751 |
||